[Event "45th Olympiad Budapest 2024"]
[Site "Budapest"]
[Date "2024.09.19"]
[Round "8"]
[Board "4"]
[White "Huh, Isaak"]
[Black "Mwale, George"]
[Result "1-0"]
[WhiteElo "2114"]
[BlackElo "2056"]
[PlyCount "93"]
[EventDate "2024.09.11"]
[EventType "team-tourn"]
[EventRounds "11"]
[EventCountry "HUN"]
[WhiteTeam "South Korea"]
[BlackTeam "Malawi"]
[BlackTeamCountry "MWI"]

1. e4 d5 2. exd5 Qxd5 3. Nc3 Qd8 4. d4 e6 5. Nf3 Nf6 6. Bc4 Be7 7. O-O O-O 8. Qe2 ({RR} 8. d5 exd5 9. Nxd5 Nxd5 10. Bxd5 c6 11. Bb3 Qxd1 12. Rxd1 Bg4 13. Re1 Bf6 14. Ne5 Be6 15. Bxe6 fxe6 16. Bf4 Bxe5 17. Bxe5 Nd7 18. Bd6 Rf6 19. c4 Re8 20. f4 Nb6 21. b3 Nc8 22. Be5 Rf7 {1-0 Balias,O-Chubar,V (1830) Kyiv Blitz Marathon 2023 (28)}) 8... b6 9. Bg5 ({RR} 9. Rd1 Bb7 10. Ne5 Nd5 11. Ne4 Nd7 12. a4 Bf6 13. Ng3 Bxe5 14. dxe5 Qh4 15. Bd3 Rfd8 16. c4 Nf4 17. Bxf4 Qxf4 18. Bc2 Nxe5 19. Rxd8+ Rxd8 20. Rd1 Rd4 21. b3 c5 22. h3 g6 23. Rxd4 cxd4 {0-1 Kantans,T (2501)-Holt,C (2549) Chess.com Bullet op2 blitz 2020 (2)}) 9... h6 $146 ({RR} 9... Bb7 10. Rad1 Bd5 11. Rfe1 Bxc4 12. Qxc4 c6 13. Ne5 Nd5 14. Nxd5 cxd5 15. Bxe7 Qxe7 16. Qb5 Qd6 17. Qd3 Nd7 18. Re3 Nxe5 19. Rxe5 Qb4 20. b3 Rac8 21. Rh5 h6 22. Rh3 Qa3 23. Rg3 Qxa2 24. Rc1 {0-1 Hrouza,O-Mudra,T Morava-ch U11 1999 (4)}) 10. Bxf6 Bxf6 11. Qe4 c6 12. Ne5 Bxe5 13. dxe5 Qe7 14. Bd3 g6 15. Qe3 Kg7 16. Ne4 Nd7 17. Nd6 Nc5 18. Be4 Nxe4 19. Qxe4 Bb7 20. Rad1 Rab8 21. c4 c5 22. Qe2 Bc6 23. f4 f5 24. exf6+ Qxf6 25. g3 Rbd8 26. Rfe1 Bd7 27. Nb7 Rf7 28. Nxd8 Qxd8 29. Qe5+ Qf6 30. Rd6 Qxe5 31. fxe5 Re7 32. Rf1 Be8 33. Rd8 Bf7 34. Rfd1 Be8 35. R1d6 Kf7 36. Rc8 h5 37. a3 g5 38. b4 cxb4 39. axb4 Kg6 40. Rdd8 Kf7 41. b5 Kf8 42. Kf2 Kf7 43. Ke3 Kf8 44. h4 g4 45. Rxe8+ Rxe8 46. Rxe8+ Kxe8 47. Kf4 1-0

[Event "45th Olympiad Budapest 2024"]
[Site "Budapest"]
[Date "2024.09.19"]
[Round "8"]
[Board "1"]
[White "Mehrad, Ahmad Tamim"]
[Black "Razanadrakotoarisoa, Toavina"]
[Result "0-1"]
[WhiteElo "2015"]
[BlackElo "2147"]
[PlyCount "98"]
[EventDate "2024.09.11"]
[EventType "team-tourn"]
[EventRounds "11"]
[EventCountry "HUN"]
[WhiteTeam "Afghanistan"]
[BlackTeam "Madagascar"]
[WhiteTeamCountry "AFG"]
[BlackTeamCountry "MAD"]

1. Nf3 Nf6 2. g3 d5 3. d4 e6 4. Bg2 Nbd7 5. O-O Be7 6. c3 ({RR} 6. Nbd2 b6 7. Re1 Bb7 8. c3 c5 9. h3 Qc7 10. Nh2 O-O 11. Ndf3 Bd6 12. Be3 Ne4 13. Nf1 f5 14. Bd2 c4 15. Qc1 Nxd2 16. Qxd2 b5 17. Ng5 Rfe8 18. f4 Nf6 19. Qc2 a5 20. Nf3 b4 {½-½ Ilic,I-Davidovic,A (2425) Adelaide op 1990 (2)}) 6... O-O 7. Nbd2 b6 8. Ne5 Nxe5 $146 ({RR} 8... Bb7 9. f4 Ne4 10. Nxe4 dxe4 11. Qc2 f5 12. b3 Nxe5 13. fxe5 c5 14. e3 Rc8 15. Bb2 cxd4 16. exd4 Qxd4+ 17. cxd4 Rxc2 18. Rfc1 Rfc8 19. Rxc2 Rxc2 20. Rc1 Rxb2 21. Rc7 Rb1+ 22. Kf2 e3+ 23. Ke2 {0-1 Cazan,A (1419)-Vasilescu,R (1613) ROM-ch U16 Calimanesti Caciulata 2019 (4)}) 9. dxe5 Nd7 10. f4 Ba6 11. Re1 c6 12. Nf3 Rc8 13. Be3 Bc5 14. Nd4 b5 15. Bf2 b4 16. Qd2 bxc3 17. Qxc3 Bb6 18. Qa3 Bb7 19. Rac1 a6 20. Red1 c5 21. Nf3 a5 22. b3 Rc7 23. Qb2 Qa8 24. h4 Rfc8 25. Nd2 Qa7 26. Nb1 c4 27. Bxb6 Qxb6+ 28. Kh2 Nc5 29. Qd4 cxb3 30. axb3 Qxb3 31. Nd2 Qb4 32. Qa1 a4 33. Rb1 Nb3 34. Nxb3 axb3 35. Rd4 Rc4 36. Rd3 Rc3 37. Rxc3 Rxc3 38. Qa7 Rc8 39. Rb2 h6 40. Bf3 Kh7 41. Qa1 Rc3 42. Qb1+ Kg8 43. f5 exf5 44. h5 f4 45. g4 Qb6 46. Kg2 Qe3 47. Qe1 Rc1 48. Qf2 Qc3 49. Qb6 Qe1 0-1

[Event "45th Olympiad Budapest 2024"]
[Site "Budapest"]
[Date "2024.09.19"]
[Round "8"]
[Board "2"]
[White "Andrianiaina, Heritiana"]
[Black "Haidary, Hameedullah"]
[Result "0-1"]
[WhiteElo "2149"]
[BlackElo "2192"]
[PlyCount "120"]
[EventDate "2024.09.11"]
[EventType "team-tourn"]
[EventRounds "11"]
[EventCountry "HUN"]
[WhiteTeam "Madagascar"]
[BlackTeam "Afghanistan"]
[WhiteTeamCountry "MAD"]
[BlackTeamCountry "AFG"]

1. d4 Nf6 2. c4 g6 3. Nc3 Bg7 4. e4 d6 5. Nf3 b6 6. Be2 Bb7 7. Qc2 c5 8. d5 Nbd7 9. O-O O-O 10. Rd1 $146 ({RR} 10. h3 a6 11. Be3 Re8 12. Rfe1 Qc7 13. Bd3 Rad8 14. Rad1 Nf8 15. Qd2 e6 16. Bh6 exd5 17. Bxg7 Kxg7 18. Nxd5 Nxd5 19. exd5 f6 20. Re3 Nd7 21. Rde1 Ne5 22. Nxe5 fxe5 23. Qe2 Rf8 24. g3 Qd7 {0-1 Iversen,J (1483)-Lauritzen,V (1497) Sonderjysk-chB 2007 (3)}) 10... Ne5 11. Ne1 Ne8 12. f4 Nd7 13. Nf3 a6 14. a4 e6 15. dxe6 fxe6 16. e5 Qe7 17. Qd3 Rd8 18. exd6 Qf6 19. a5 Nb8 20. axb6 Rxd6 21. Qc2 Rxb6 22. Ra5 Rd6 23. Rxc5 Rxd1+ 24. Nxd1 Nc6 25. Be3 Nd6 26. Ne5 Nf5 27. Qc3 Qh4 28. Bf2 Qxf4 29. Nd3 Bxc3 30. Nxf4 Bb4 31. Nxe6 Bxc5 32. Nxc5 Nfd4 33. Bd3 Bc8 34. Be4 Re8 35. b4 Ne2+ 36. Kf1 Ncd4 37. Nc3 Nxc3 38. Bd3 Nc6 39. b5 axb5 40. cxb5 Ne5 41. Bc2 Nxb5 42. Ba4 Nd6 43. Bxe8 Nxe8 44. Bd4 Nc6 45. Ba1 Kf7 46. Kf2 Nf6 47. h3 Bf5 48. Ke3 Nd5+ 49. Kf3 Ncb4 50. g4 Bc2 51. Nd7 Nc6 52. h4 Ke7 53. Nc5 Bd1+ 54. Kg3 Nf6 55. g5 Nh5+ 56. Kh3 Bc2 57. Bc3 Kd6 58. Nb7+ Kd5 59. Na5 Nxa5 60. Bxa5 Ke4 0-1

[Event "45th Olympiad Budapest 2024"]
[Site "Budapest"]
[Date "2024.09.19"]
[Round "8"]
[Board "3"]
[White "Kanz, Ahmad Safy"]
[Black "Andriamasoandro, Miora"]
[Result "1/2-1/2"]
[WhiteElo "1977"]
[BlackElo "2116"]
[PlyCount "242"]
[EventDate "2024.09.11"]
[EventType "team-tourn"]
[EventRounds "11"]
[EventCountry "HUN"]
[WhiteTeam "Afghanistan"]
[BlackTeam "Madagascar"]
[WhiteTeamCountry "AFG"]
[BlackTeamCountry "MAD"]

1. c4 {Gelfand,Boris} Nf6 2. Nc3 g6 3. e4 d6 4. d4 Bg7 5. Nge2 O-O 6. Ng3 e5 7. d5 a5 8. h4 Na6 9. h5 c6 10. Be2 cxd5 11. cxd5 Nc5 12. Be3 ({RR} 12. hxg6 fxg6 13. Be3 Bd7 14. Qd2 b5 15. f3 b4 16. Nd1 Rb8 17. Nf2 Bb5 18. Bxc5 dxc5 19. Bxb5 Rxb5 20. Rc1 a4 21. Qd3 Qa5 22. O-O Bh6 23. Rcd1 b3 24. a3 Rd8 25. Qc4 Kg7 26. Rd3 Ne8 {0-1 Chemin,J (2040)-Fernandez,M (2085) Titled Tue 13th Jun Late 2023 (8)}) 12... Bd7 ({RR} 12... Qb6 13. Rb1 ({RR} 13. b3 Bd7 14. O-O) 13... Bd7 14. Nf1 a4 15. Nd2 Qa5 16. hxg6 ({RR} 16. Nc4 Qc7 17. Rc1 b5 18. Nxd6 Qxd6 19. Nxb5 Bxb5 20. Bxc5 Qa6) ({RR} 16. a3) ({RR} 16. Kf1 b5 17. a3) 16... hxg6 17. f3 ({RR} 17. Kf1) 17... b5 18. a3 Nh5 19. g4 ({RR} 19. Kf2 Nf4 20. g3 Nfd3+ 21. Bxd3 Nxd3+ 22. Kg2 ({RR} 22. Ke2 Nxb2 23. Qc2 b4 24. axb4 Qa6+) 22... Rfc8 ({RR} 22... Nxb2 23. Qc2 Rfc8 24. Rhc1 Nc4 25. Nxc4 Rxc4 26. Qb2) 23. Qc2 b4) 19... Nf4 20. Kf2 Bf6 ({RR} 20... Nfd3+) 21. Qg1 ({RR} 21. Rh2 Kg7 22. Qh1 Rh8) 21... Bg5 ({RR} 21... Kg7 22. g5 Be7 23. Bxf4 exf4 24. Rh7+) 22. Qh2 Kg7 23. Qh7+ Kf6 24. Na2 Nfd3+ ({RR} 24... Rh8 25. Qxh8+ Rxh8 26. Rxh8 Nfd3+) 25. Bxd3 Nxd3+ 26. Ke2 Bxe3 27. Kxe3 {0-1 Lutz,C (2580)-Gelfand,B (2680) Horgen CS 1994 (9)}) 13. Qd2 b5 $146 ({RR} 13... Qb6 14. Bg5 Rfc8 15. hxg6 hxg6 16. Rb1 Na4 17. O-O Nc5 18. Bh6 Bxh6 19. Qxh6 Nh7 20. Nd1 Qd8 21. Ne3 Qg5 22. Qxg5 Nxg5 23. f3 b5 24. Rfc1 Na4 25. Nd1 b4 26. b3 Nb6 27. Ne3 Kf8 28. Bd3 {1-0 Musson,A (2109)-Dilleigh,S (2000) BCF-chT2 9798 (4NCL) 1997 (7.4)}) ({RR} 13... a4 14. hxg6 fxg6 15. Bxc5 dxc5 16. Bc4 Qe8 17. d6+ Kh8 18. Nd5 Nxd5 19. Bxd5 Bc6 20. O-O-O Bxd5 21. Qxd5 Qd7 22. Rh3 Rf7 23. Rdh1 Bf6 24. Ne2 Rd8 25. f4 exf4 26. e5 f3 27. Rxf3 Bg5+ 28. Kb1 {0-1 Riediger,M-Schmaus,H NB Germany 1992 (1)}) ({RR} 13... Qb6 14. Rb1 Rac8 15. b3 Qb4 16. hxg6 fxg6 17. O-O h5 18. f3 Qb6 19. Rfc1 Bh6 20. Nd1 Bxe3+ 21. Qxe3 Kh7 22. Nb2 Bb5 23. Bxb5 Qxb5 24. Nc4 Rfd8 25. Qg5 Ng8 26. Kh2 Ra8 27. Rh1 Nd3 28. Ne2 {½-½ Duijn,R-De Vries,E (2215) NED-chT 9495 1994 (4)}) 14. Bxc5 dxc5 15. Bxb5 Ne8 16. Bxd7 Qxd7 17. b3 Nd6 18. Rc1 c4 19. Na4 Qb5 20. Nc3 Qb4 21. Nb1 Rfc8 22. hxg6 hxg6 23. Rc3 cxb3 24. Rxb3 Rc1+ 25. Ke2 Qc4+ 26. Qd3 Rc2+ 27. Nd2 Qc8 28. f3 Rxa2 29. Rc3 Qd8 30. Ngf1 Qg5 31. Ne3 Rb8 32. Rb1 Rd8 33. Rc2 Ra4 34. Qa6 Bh6 35. Ndf1 f5 36. Rb6 Bf8 37. Rcc6 Ra2+ 38. Kd1 Qe7 39. Nc2 fxe4 40. fxe4 Qf6 41. Nfe3 Ra4 42. Qd3 Qh4 43. Nc4 Nxe4 44. Rxg6+ Kh8 45. Kc1 Bg7 46. Rxg7 Kxg7 47. Rb7+ Kg8 48. d6 Kh8 49. Nxe5 Qf4+ 50. Kb1 Nd2+ 51. Kb2 Qxe5+ 52. Kc1 Nb3+ 53. Qxb3 Rh4 54. d7 Rh1+ 55. Kd2 Rh7 56. Qd3 Rh6 57. Rb5 Qg7 58. Rxa5 Qxg2+ 59. Kc1 Rh1+ 60. Kb2 Qg7+ 61. Qd4 Rxd7 62. Qxg7+ Kxg7 63. Rc5 Rd3 64. Nb4 Rg3 65. Rc3 Rh2+ 66. Kb3 Rgg2 67. Nd3 Kf6 68. Rc6+ Kf5 69. Rc4 Rg3 70. Kc3 Rhh3 71. Rf4+ Ke6 72. Rd4 Rh8 73. Re4+ Kd5 74. Rd4+ Kc6 75. Rc4+ Kb5 76. Rb4+ Ka5 77. Rd4 Rhg8 78. Rd5+ Kb6 79. Rd6+ Kb5 80. Rd5+ Kc6 81. Rc5+ Kd6 82. Rc4 R8g4 83. Rxg4 Rxg4 84. Nf2 Rh4 85. Nd3 Kd5 86. Nb4+ Kc5 87. Nd3+ Kb5 88. Nf2 Kc5 89. Kd3 Kd5 90. Ke3 Ra4 91. Nd1 Ra3+ 92. Kf4 Kd4 93. Nf2 Ra4 94. Ng4 Rb4 95. Nf6 Rb1 96. Kf5 Rg1 97. Ke6 Rg5 98. Kd6 Rf5 99. Ke6 Rg5 100. Kd6 Re5 101. Ng4 Ra5 102. Ke6 Rb5 103. Nf6 Re5+ 104. Kd6 Re1 105. Nd7 Re2 106. Nf6 Re5 107. Ng4 Rh5 108. Nf6 Rg5 109. Ke6 Rb5 110. Nd7 Rb2 111. Kd6 Rb1 112. Ke6 Rb7 113. Kd6 Ra7 114. Ke6 Ra6+ 115. Kf5 Ra5+ 116. Ke6 Rd5 117. Nf6 Rg5 118. Kd6 Kd3 119. Ke6 Kc4 120. Kd6 Ra5 121. Ke6 Kd4 1/2-1/2

[Event "45th Olympiad Budapest 2024"]
[Site "Budapest"]
[Date "2024.09.19"]
[Round "8"]
[Board "4"]
[White "Rakotomaharavo, Dylan"]
[Black "Abdul Khaliq, Wais"]
[Result "1-0"]
[WhiteElo "2078"]
[BlackElo "1968"]
[PlyCount "151"]
[EventDate "2024.09.11"]
[EventType "team-tourn"]
[EventRounds "11"]
[EventCountry "HUN"]
[WhiteTeam "Madagascar"]
[BlackTeam "Afghanistan"]
[WhiteTeamCountry "MAD"]
[BlackTeamCountry "AFG"]

1. e4 c6 2. Nc3 d5 3. Nf3 dxe4 4. Nxe4 Nf6 5. Nxf6+ exf6 6. d4 Bd6 7. Bd3 O-O 8. O-O Re8 9. h3 Be6 ({RR} 9... Nd7 10. c3 Nf8 11. Qc2 Be6 12. Re1 Qd7 13. Be3 Ng6 14. Bf1 Bd5 15. Qd1 Nf4 16. Nd2 Qf5 17. Qg4 Be6 18. Qxf5 Bxf5 19. Nc4 Bc7 20. Bxf4 Bxf4 21. Na5 Be6 22. Nxb7 Rab8 23. Nc5 Kf8 24. g3 {1-0 Radjabov,T (2765)-Artemiev,V (2716) Nations Cup Online Prelim rapid 2020 (9.1)}) 10. c3 Nd7 11. Nh4 ({RR} 11. Qc2 Nf8 12. Be3 Qd7 13. Rfe1 Ng6 14. Bxg6 hxg6 15. Rad1 Bf5 16. Qb3 Re7 17. a3 Rae8 18. c4 g5 19. Qc3 g4 20. hxg4 Bxg4 21. Bd2 Qf5 22. Rxe7 Rxe7 23. Re1 Rxe1+ 24. Nxe1 Qh5 25. g3 Be2 {0-1 Mouskos,M (1662)-Sivanandan,B (2088) British Rapidplay 2024 (1.69)}) 11... g6 $146 ({RR} 11... Nf8 12. Be3 Qd7 13. g4 Rad8 14. b4 a6 15. Nf5 Ng6 16. Qd2 Bxf5 17. Bxf5 Qc7 18. Bxg6 fxg6 19. Rae1 f5 20. Bg5 Be7 21. Bf4 Bd6 22. Bxd6 Qxd6 23. Rxe8+ Rxe8 24. a4 b5 25. Qa2+ Qd5 26. Qxd5+ {1-0 Mugisha,I (1757)-Kigundu,E Kampala m8 rapid 2021 (6)}) 12. Bd2 f5 13. Nf3 f4 14. Re1 h5 15. c4 Nf8 16. Bc3 Nh7 17. Bf1 Bf5 18. Qb3 Qc7 19. c5 Bf8 20. Bc4 Bg7 21. Ne5 Ng5 22. Rad1 Re7 23. Bd2 Ne6 24. Qc3 Nxd4 25. Bxf4 Rxe5 26. Rxd4 Rxe1+ 27. Qxe1 Qc8 28. Rd2 Be6 29. Bxe6 Qxe6 30. Qxe6 fxe6 31. Rd7 Rf8 32. Be3 Rf7 33. Rd8+ Kh7 34. b3 Bc3 35. Kf1 Kg7 36. Ke2 Bf6 37. Rd6 Re7 38. Kf3 Kf7 39. Ke4 Rc7 40. Bf4 g5 41. Be5 Be7 42. Rd2 Rc8 43. Rd7 Ke8 44. Rxb7 Bxc5 45. Bf6 Bxf2 46. Ke5 g4 47. hxg4 hxg4 48. Kxe6 c5 49. Be7 Rc6+ 50. Bd6 Kd8 51. Rb8+ Rc8 52. Be7+ Kc7 53. Bd6+ Kd8 54. Rxc8+ Kxc8 55. Kd5 a5 56. Bxc5 g3 57. Bd6 a4 58. b4 Kb7 59. b5 Kb6 60. Kc4 Be1 61. Bc5+ Kb7 62. Bb4 Bf2 63. Ba5 Bb6 64. Bxb6 Kxb6 65. Kb4 a3 66. Ka4 Kc5 67. Ka5 Kd4 68. b6 Ke3 69. b7 Kf2 70. b8=Q Kxg2 71. Kb4 Kh1 72. Qh8+ Kg1 73. Kxa3 g2 74. Kb4 Kf2 75. a4 g1=Q 76. Qd4+ 1-0

[Event "45th Olympiad Budapest 2024"]
[Site "Budapest"]
[Date "2024.09.19"]
[Round "8"]
[Board "1"]
[White "Bai, Adelard"]
[Black "Gabriel, Davidson"]
[Result "1-0"]
[WhiteElo "2378"]
[BlackElo "2043"]
[PlyCount "89"]
[EventDate "2024.09.11"]
[EventType "team-tourn"]
[EventRounds "11"]
[EventCountry "HUN"]
[WhiteTeam "Chinese Taipei"]
[BlackTeam "Haiti"]
[BlackTeamCountry "HAI"]

1. d4 Nf6 2. Nc3 d5 3. Bf4 a6 4. e3 e6 5. Nf3 c5 6. dxc5 Bxc5 7. Bd3 Nc6 8. O-O Nb4 $146 ({RR} 8... Bd6 9. Bxd6 Qxd6 10. e4 dxe4 11. Nxe4 Qe7 12. c3 O-O 13. Qc2 h6 14. Rad1 Rd8 15. Nxf6+ Qxf6 16. Bh7+ Kh8 17. Rxd8+ Qxd8 18. Be4 Bd7 19. Rd1 Qc7 20. h3 Be8 21. Qe2 Rd8 22. Rxd8 Qxd8 23. Bc2 {1-0 Vallbona Domingo,J (1918)-Madrid Sole,A (1815) Barcelona Sant Marti op-B 21st 2019 (7)}) ({RR} 8... Bd6 9. Bg5 h6 10. Bh4 Be7 11. Bg3 Nh5 12. e4 Nxg3 13. hxg3 dxe4 14. Nxe4 O-O 15. Qe2 Qc7 16. c3 Bd7 17. Qe3 Rad8 18. g4 Ne5 19. Nxe5 Qxe5 20. f4 Qc7 21. g5 Bc6 22. gxh6 g6 23. Kh2 {1-0 Shimanov,A (2581)-Mekhitarian,K (2569) Titled Tuesday intern op 12th Apr Early blitz 2022 (9)}) ({RR} 8... Qe7 9. e4 d4 10. e5 dxc3 11. exf6 gxf6 12. bxc3 e5 13. Bg3 Be6 14. Re1 O-O-O 15. Qe2 h5 16. Rab1 Rd7 17. Bxa6 Bxa2 18. Rb2 Bd5 19. Nh4 Qe6 20. Qb5 Ba7 21. Bxb7+ Kd8 22. Bxc6 Qxc6 23. Qa5+ {1-0 Badacsonyi,S (2132)-Gurevich,D (2347) Titled Tue 4th Jun Early 2024 (10)}) ({RR} 8... Qe7 9. e4 d4 10. Ne2 e5 11. Bd2 Bg4 12. Ng3 O-O 13. h3 Be6 14. Nh4 Qd7 15. f4 exf4 16. Bxf4 Bd6 17. Bxd6 Qxd6 18. Nhf5 Bxf5 19. Nxf5 Qe5 20. Qf3 Rfe8 21. Nh6+ gxh6 22. Qxf6 Qxf6 23. Rxf6 {½-½ Hilton,T (1892)-Tomlinson,Z (1745) Harrogate 4NCL op 24th 2020 (1)}) ({RR} 8... h6 9. h3 Bd6 10. Bxd6 Qxd6 11. e4 d4 12. Ne2 e5 13. Nd2 g5 14. Nc4 Qc7 15. a4 Na5 16. Nd2 Be6 17. Ng3 Rc8 18. b4 Nc6 19. Qf3 Ke7 20. Rfb1 Nb8 21. b5 a5 22. Nf5+ Bxf5 23. exf5 {1-0 Karayel,A (1919)-Peker,S (1751) Manavgat Turkey Cup 2016 (8)}) 9. Re1 Nxd3 10. cxd3 O-O 11. Rc1 Bd6 12. Bxd6 Qxd6 13. e4 Nd7 14. e5 Qb4 15. Qd2 Qa5 16. a3 Qd8 17. Na4 f6 18. exf6 Rxf6 19. d4 Nf8 20. Ne5 Bd7 21. Nc5 b6 22. Nexd7 Nxd7 23. Nxe6 Rxe6 24. Rxe6 Nf8 25. Rec6 Ra7 26. Rc8 Qf6 27. R1c6 Qf5 28. Re8 h6 29. Rc3 Rf7 30. Rf3 Qd7 31. Rxf7 Kxf7 32. Re5 Ng6 33. Re1 Kg8 34. Qe2 Kh7 35. Qe6 Qb5 36. Qf5 Qxb2 37. h4 Qd2 38. Re6 Qc1+ 39. Kh2 Qf4+ 40. Qxf4 Nxf4 41. Rxb6 Ne2 42. Rxa6 Nxd4 43. a4 Nb3 44. Rb6 Nc5 45. a5 1-0

[Event "45th Olympiad Budapest 2024"]
[Site "Budapest"]
[Date "2024.09.19"]
[Round "8"]
[Board "2"]
[White "Etienne, Angelo"]
[Black "Song, Raymond"]
[Result "0-1"]
[WhiteElo "2122"]
[BlackElo "2503"]
[PlyCount "94"]
[EventDate "2024.09.11"]
[EventType "team-tourn"]
[EventRounds "11"]
[EventCountry "HUN"]
[WhiteTeam "Haiti"]
[BlackTeam "Chinese Taipei"]
[WhiteTeamCountry "HAI"]

1. Nf3 {Krasenkow,Michal} d5 2. g3 g6 3. c4 dxc4 4. Qa4+ Nc6 5. Qxc4 Bg7 6. Bg2 e5 7. O-O Nge7 8. d3 O-O 9. Nc3 Be6 ({RR} 9... h6 10. Bd2 ({RR} 10. Qh4 Nf5 ({RR} 10... g5 11. Bxg5 hxg5 12. Nxg5 Bf5 13. Be4) ({RR} 10... Nd4) 11. Qxd8 Rxd8 12. Nb5 Rb8 13. Bd2 a6 14. Nc3 Nfd4 15. Nxd4 Nxd4 16. f4 Bg4 17. Rf2 exf4 18. Bxf4 Rd7 19. h3) 10... Nd4 ({RR} 10... Nf5 11. Rac1 ({RR} 11. Na4 Ncd4 12. Nxd4 Nxd4 13. Rfe1 c6 14. e3 b5 15. Qc1 bxa4 16. exd4 Qxd4 17. Re4 Qxd3 18. Bxh6) 11... Re8 12. Ne4 Ncd4 13. Nxd4 Nxd4 14. Rfe1 c6 15. e3 Ne6 16. Bb4 Bf8 17. Bc3 Bg7 18. f4) 11. Nxd4 exd4 12. Ne4 c6 ({RR} 12... Be6 13. Qc1) 13. Bb4 ({RR} 13. Qc1 Kh7 14. Bb4 Be6 ({RR} 14... Bg4 15. h3 Bxe2 16. Re1 Bxd3 17. Bxe7 Qxe7 18. Nc5) 15. Nc5 Bc8 16. Nb3 Re8) 13... Be6 14. Qc1 ({RR} 14. Qc5 Nd5) 14... Bd5 15. a4 ({RR} 15. Qc5 Nc8) 15... b6 ({RR} 15... a5 16. Ba3 b6) 16. Bxe7 Qxe7 17. a5 Rab8 18. Re1 Rfc8 19. axb6 axb6 20. Qf4 Rd8 21. h4 Kh7 22. Nd2 Be5 23. Qg4 h5 24. Qh3 {½-½ Carlsen,M (2870)-Anand,V (2775) World-ch Carlsen-Anand +3-0=7 2013 (3)}) ({RR} 9... Nd4 10. Nxd4 exd4 11. Ne4 Be6 12. Qc2 ({RR} 12. Qb5 b6 13. Bg5 f6 14. Bc1 a6 15. Qa4 c5 16. Nd2 Ra7 17. Nf3 Re8 18. Bd2 Nd5) 12... Bd5 ({RR} 12... b6) 13. Bg5 h6 14. Bf6 Bxe4 15. Bxe7 Qxe7 16. Bxe4) 10. Qa4 ({RR} 10. Qh4 f6 ({RR} 10... Nf5 11. Qxd8 Raxd8 ({RR} 11... Rfxd8 12. Ng5 Bd7 13. Nge4 Nfe7 14. Bg5 h6 15. Nf6+ Kh8 16. Nxd7 Rxd7 17. Bxe7) 12. Nb5 Rd7 13. Ng5 Nfd4 14. Nxd4 Nxd4 15. Nxe6 Nxe2+ 16. Kh1 fxe6 17. Bxb7) 11. Bd2 Kh8 12. Bh6 Qd7 13. Bxg7+ Kxg7 14. Qa4 Rfd8 15. b4 Nd5 16. Nxd5 Bxd5 17. b5 Ne7 18. Qb4 a5) 10... h6 11. Bd2 ({RR} 11. Be3 Nd4 12. Rac1 c6 ({RR} 12... c5 13. Nd2 Nd5 14. Bxd4 exd4 15. Nxd5 Bxd5 16. Rxc5 Bxg2 17. Kxg2 Qe7 18. Ne4 f5 19. Qc4+ Rf7 20. Nd2) 13. Rfe1 a5 14. Nd2 f5 15. Qa3 Re8 16. Na4 Bf7 17. Nc5 Qc7) ({RR} 11. Rd1 Nd4 12. Rb1 c6 13. b4 a5 14. Rd2 b5 15. Qa3 c5 16. Nxd4 exd4 17. Nxb5 cxb4 18. Qb2 Rb8 19. a4 Bd5) 11... Nd4 ({RR} 11... f5 12. Rac1 Nd4 13. Qa3 c6 14. Nxd4 exd4 15. Na4 Bd5 16. Bb4 Bxg2 17. Kxg2 Re8 18. Bxe7) ({RR} 11... f5 12. Rfd1 Nd4 13. Ne1 Nd5 14. e3 Nb6 15. Qa3 Nc6 16. b4 a6 17. Rac1 Qd7 18. Na4 Nxa4 19. Qxa4 Qf7 20. Bxc6 bxc6 21. Qxc6 Bd7 22. Qc4 Ba4 23. Qxf7+ Rxf7 24. Nc2 Rf6 25. d4 Rc6 26. Na3 {0-1 Tahbaz,A (2425)-Shahil,D (2363) 1st SOA Int Open 2024 (9.6)}) 12. Qd1 $146 ({RR} 12. Rfe1 Bd7 13. Qd1 Bc6 14. Nxd4 exd4 15. Nb1 Bxg2 16. Kxg2 Qd5+ 17. Kg1 a5 18. Qc1 Nf5 19. Qxc7 Rfc8 20. Qf4 Rc2 21. Na3 g5 22. Qe4 Qxe4 23. dxe4 Rxd2 24. exf5 Rxb2 25. Nc4 Rc2 26. Na3 Rc3 {0-1 Berg,K (2295)-Matthiesen,M (2239) Aarhus Chess House IM 2019 (5)}) ({RR} 12. Rfc1 a5 ({RR} 12... c6 13. Ne1 Nd5 14. Kf1 Nb6 15. Qd1 a5 16. e3 Nf5 17. Ne4 Nd7 18. b4 axb4 19. Bxb4 Re8 20. a4 Bd5) 13. Qd1 Re8 14. Ne1 c6 15. e3 Ndf5 16. a3 Nd6 17. Na4 f5 18. b4 axb4 19. axb4 Bd5) ({RR} 12. Rfe1 Bd7 13. Qd1 Bc6 14. Nh4 Bxg2 15. Nxg2 Kh7 16. Rc1 Qd7 17. Be3 b6 18. Qa4 Qxa4 19. Nxa4 c5 20. Bd2 Nec6 21. Kf1 Rad8 22. Red1 Rd7 23. Ne1 Rfd8 24. e3 Ne6 25. Ke2 Bf8 26. a3 Rc8 {0-1 Neef,M (2451)-Heimann,A (2591) Barcelona Sants op 19th 2017 (10)}) ({RR} 12. Rfc1 f5 13. Ne1 c5 14. Bxb7 Rb8 15. Bg2 Rxb2 16. Be3 Nxe2+ 17. Nxe2 Rxe2 18. Bxc5 e4 19. d4 f4 20. Rc2 Rxc2 21. Qxc2 e3 22. fxe3 fxe3 23. Qe4 Qd7 24. Nf3 Re8 25. Qxe3 Nf5 26. Qf2 Bd5 {½-½ Kuzubov,Y (2624)-Negi,P (2607) New Delhi Parsvnath op 9th 2011 (9)}) 12... c6 13. Ne1 Kh7 14. e3 Ndf5 15. Ne4 b6 16. a4 Qd7 17. a5 Nd6 18. Bb4 Nxe4 19. Bxe4 c5 20. Bd2 Rad8 21. axb6 axb6 22. Ra3 Bh3 23. Bg2 Bxg2 24. Kxg2 e4 25. Bc3 Bxc3 26. Rxc3 Nd5 27. Ra3 Nb4 28. d4 cxd4 29. Ra4 Nc6 30. exd4 Nxd4 31. Ra1 Qb7 32. Qb1 e3+ 33. f3 Nb3 34. Ra3 Nd2 35. Qa2 Nxf1 36. Ra7 Ra8 37. Rxb7 Rxa2 38. Kxf1 Rxb2 39. Re7 Kg7 40. Rxe3 Ra8 41. h4 Ra1 42. h5 gxh5 43. Re5 Rbb1 44. Kf2 Rxe1 45. Rxe1 Rxe1 46. Kxe1 h4 47. gxh4 Kg6 0-1

[Event "45th Olympiad Budapest 2024"]
[Site "Budapest"]
[Date "2024.09.19"]
[Round "8"]
[Board "3"]
[White "Yang, Ching Wei Austin"]
[Black "Volcimus, Ritchy David"]
[Result "1-0"]
[WhiteElo "2121"]
[BlackElo "1948"]
[PlyCount "76"]
[EventDate "2024.09.11"]
[EventType "team-tourn"]
[EventRounds "11"]
[EventCountry "HUN"]
[WhiteTeam "Chinese Taipei"]
[BlackTeam "Haiti"]
[BlackTeamCountry "HAI"]

1. d4 Nf6 2. c4 e6 3. Nf3 d5 4. Nc3 Be7 5. Bf4 O-O 6. e3 a6 7. c5 Nh5 8. Be5 ({RR} 8. Bd3 Nxf4 9. exf4 Nc6 10. a3 f5 11. h4 Bf6 12. Ne2 Bd7 13. Rc1 Qe7 14. h5 Nd8 15. Ne5 Bb5 16. Qb3 Bxe5 17. fxe5 Qg5 18. g3 Nc6 19. f4 Nxd4 20. Qb4 Nxe2 21. fxg5 Bxd3 22. Rd1 Bb5 {1-0 Kasparov,G (2805)-Speelman,J (2610) PCA/Intel-GP rapid 1995 (2.4)}) ({RR} 8. Bd3 Nc6 9. O-O b6 10. cxb6 cxb6 11. Be5 Nxe5 12. Nxe5 Nf6 13. Rc1 Bb7 14. Qe2 b5 15. a4 b4 16. Nb1 Qb6 17. Nd2 Rfc8 18. Nb3 Rxc1 19. Rxc1 Rc8 20. Rxc8+ Bxc8 21. Qc2 Bb7 22. a5 Qd8 {1-0 Galaktionov,A (2337)-Sroczynski,M (2255) Titled Tue 10th Sep Late 2024 (1)}) 8... f6 9. Bg3 Bd7 $146 ({RR} 9... Nxg3 10. hxg3 c6 11. Bd3 g6 12. Qc2 Kg7 13. O-O-O f5 14. Ne2 a5 15. Nf4 b6 16. Rh2 bxc5 17. Rdh1 h5 18. Ne5 Rf6 19. Nxh5+ gxh5 20. Rxh5 Rf8 21. Rh7+ Kg8 22. Rh8+ Kg7 23. R1h7+ Kf6 24. Rh6+ {1-0 Peng,H (2241)-Marchuk,R (2054) Wch U14 Khanty-Mansiysk 2016 (5)}) 10. Bd3 Be8 11. Qb3 Ra7 12. Bh4 g6 13. g4 Ng7 14. Bg3 b6 15. cxb6 cxb6 16. h4 Nc6 17. Rc1 f5 18. g5 Na5 19. Qd1 b5 20. Ne2 Nc4 21. b3 Qa5+ 22. Kf1 Nb2 23. Qc2 Nxd3 24. Qxd3 Qxa2 25. Rc2 Qa5 26. Kg2 b4 27. Qd2 Bb5 28. Be5 Qb6 29. Nf4 a5 30. h5 Nxh5 31. Nxh5 gxh5 32. Rxh5 Be8 33. Rh1 a4 34. bxa4 b3 35. Rc3 Rxa4 36. Qb2 Ra3 37. Rc7 Qb4 38. Qd2 Qxd2 1-0